| 000 | 01145cam a2200373 a 4500 | ||
|---|---|---|---|
| 999 |
_c1165 _d1165 |
||
| 001 | 609286 | ||
| 003 | OSt | ||
| 005 | 20180908104610.0 | ||
| 008 | 050809s2003 ii b 001 0 eng | ||
| 010 | _a 2004327719 | ||
| 020 | _a8172147546 | ||
| 025 | _aI-E-2004-327719; 13 | ||
| 029 | 1 |
_aNLGGC _b265801060 |
|
| 035 | _a(OCoLC)ocm54478264 | ||
| 035 | _a(OCoLC)ocm54478264 | ||
| 037 |
_bLibrary of Congress -- New Delhi Overseas Office _cRs210.00 ($18.00 U.S.) |
||
| 040 |
_aDLC _cDLC _dNLGGC _dBTCTA |
||
| 042 | _alcode | ||
| 043 | _aa-ii--- | ||
| 049 | _aPTSS | ||
| 082 | 0 | 0 |
_a231.30 _222 _bK491M |
| 084 |
_a11.63 _2bcl |
||
| 090 | 0 | 0 |
_aBR127 _b.K49 2003 |
| 100 | 1 | _aKim, Kirsteen. | |
| 245 | 1 | 0 |
_aMission in the spirit : _bthe holy spirit in Indian Christian theologies / _cKirsteen Kim. |
| 260 |
_aDelhi : _bISPCK, _c2003. |
||
| 300 |
_axiii, 290 p. ; _c22 cm. |
||
| 504 | _aIncludes bibliographical references (p. [247]-286) and index. | ||
| 600 | 1 | 0 |
_aSamartha, S. J. _q(Stanley J.), _d1920- |
| 600 | 0 | 0 | _aVandana Mataji. |
| 600 | 1 | 0 | _aRayan, Samuel. |
| 650 | 0 |
_aChristianity and other religions _zIndia. |
|
| 942 |
_2ddc _cBK |
||